| 000 | 00577nam a2200181 a 4500 | ||
|---|---|---|---|
| 001 | 000036344 | ||
| 005 | 20200930075659.0 | ||
| 008 | 120113s2005 ja 000 0 spa d | ||
| 040 |
_aDO-SdBNP _bspa _cBNPHU |
||
| 082 |
_axxxx _bF961b |
||
| 100 | 1 |
_aFrew, Gavin _962516 |
|
| 240 | 1 | 0 |
_aTakemitsu shimatsu _lJaponés |
| 245 | 1 | 0 |
_aThe bamboo swerd and other samurai tales / _cGavin Frew, translated by Gavin Frew. |
| 260 |
_aTokyo : _bKodansha International, _c2005. |
||
| 300 |
_a253 p. ; _c19 cm. |
||
| 500 | _aTítulo original en japonés | ||
| 700 | 1 | 2 |
_aFrew, Gavin, _etr. _962516 |
| 999 |
_c35835 _d35835 |
||